01090nam a2200253 i 450000100060000000300090000600500170001500700030003200800410003501700550007608000100013124501650014125000120030626000410031830000450035949000470040465000350045171001040048683000470059085200380063794200230067599900170069895201210071581184ES-MaACL20250814063221.0t|041103e1966 sp a r 00|10 spa  aB 36865-1966 bOficina Depósito Legal Barcelona a7.04204aLos animales / cpatrocinado por la Confederación Mundial de Organizaciones de Profesionales de la Enseñanza (CMOPE) bajo los auspicios de la Unesco París a1ª ed. a[Barcelona] : bVicens-Vives, c1966 a64 páginas : bilustraciones ; c31 cm1 aEl hombre a través del arte ;v39231525 4aAnimales- xEn el arte91382122 aConfederación Mundial de Organizaciones de Profesionales de la Enseñanza (París)espn9169068 3aEl hombre a través del arte ;v39231525 aES-MaACLbR.62644cDEPO2jP-1162  2udccMONOGRAFIAn0 c81184d81184 00104070aATENEOMbATENEOMcDEPO2d2008-01-17eSCl0oP-1162p1084868r2023-02-23 00:00:00w2023-02-23yMONOGRAFIA